Lan yakūna liqāʼ. (Record no. 49477)

MARC details
000 -LEADER
fixed length control field 00604cam a22002051 4500
001 - CONTROL NUMBER
control field ne 67000555
003 - CONTROL NUMBER IDENTIFIER
control field DLC
005 - DATE AND TIME OF LATEST TRANSACTION
control field 20260227111830.0
008 - FIXED-LENGTH DATA ELEMENTS--GENERAL INFORMATION
fixed length control field 811119s1965 ua a 000 0 egyr
010 ## - LIBRARY OF CONGRESS CONTROL NUMBER
LC control number ne 67000555
025 ## - OVERSEAS ACQUISITION NUMBER
Overseas acquisition number PL480:UAR-8034
035 ## - SYSTEM CONTROL NUMBER
System control number (OCoLC)7937872
040 ## - CATALOGING SOURCE
Original cataloging agency DLC
Transcribing agency MnM
Modifying agency DLC
042 ## - AUTHENTICATION CODE
Authentication code premarc
050 00 - LIBRARY OF CONGRESS CALL NUMBER
Classification number PJ7814.N3
Item number L3
100 1# - MAIN ENTRY--PERSONAL NAME
Personal name ʻAnbar, Muḥammad ʻAbd al-Raḥīm,
Dates associated with a name 1915-
245 10 - TITLE STATEMENT
Title Lan yakūna liqāʼ.
Statement of responsibility, etc. Muḥammad ʻAbd al-Raḥīm ʻAnbar.
260 ## - PUBLICATION, DISTRIBUTION, ETC.
Place of publication, distribution, etc. [Cairo,
Name of publisher, distributor, etc. University Printing and Publishing House,
Date of publication, distribution, etc. 1965]
300 ## - PHYSICAL DESCRIPTION
Extent 132 p.
Other physical details illus.
Dimensions 21 cm.

No items available.

Powered by Koha